000 02586 a2200361 4500
005 2009042401561.0
008 090424t xxu||||| |||| 00| 0 eng d
010 _aENG-89846 B-309693-697
020 _a8123749617
_c100.00
035 _aEN-73379
035 _aB-309693-697
035 _aB-358521
037 _bDBAD / PUB
037 _bNorth India Publishers
082 _a954.41
100 _aSadhu, Arun
245 _aMaharashtra/
_cby Arun Sadhu
260 _aNew Delhi
_bNational Book Trust, India
_c2007
270 _aA-5, Green Park
_bNew Delhi
_cNew Delhi
_e110 016
300 _aviii,276p.
_c22 cm. (pbk)
490 _aIndia-the land and the people
500 _aIncludes bibliographical references & index.
942 _adpl
_cEN
_k954.41 / SAD
_2ddc
_h954.41
_mSAD
999 _c11471
_d11471